000 00836nam a2200241 a 4500
001 13025
003 BD-JhCC
005 20230614092120.0
008 230614s20161996ii |||| || | 000 0 ben d
020 _a9788170669098
035 _a(BD-JhCC)13025
040 _aBD-JhCC
_dBD-JhCC
041 _aben
082 _a891.443
_bGAN 2016
100 _aগঙ্গোপাধ্যায়, সুনীল
245 _aআঁধার রাতের অতিথি /
_cসুনীল গঙ্গোপাধ্যায়,
260 _aকলকাতা :
_bআনন্দ প্রকাশনী,
_c২০১৬.
300 _a১১২ পৃ. :
_c১৮ সেমি.
490 _aরহস্য রোমাঞ্চ সিরিজ
650 _aBengali Novel
942 _2ddc
_cBK
_09
999 _c13025
_d13025